00797 a2200193 4500001000700000020001800007040002200025041001600047082002600063100002900089245014000118260002900258300000800287362001300295697016500308942000700473952010400480999001900584130922 a85-224-0797-5 cLeonardo Da Vinci aPortuguês a658.4013 G392qbG392q aGIL, Antonio de Loureiro aQualidade total nas organizaçõesbindicadores de qualidade, gestão econômica da qualidade e sistemas especialistas de qualidade bAtlasc1992aSão Paulo a110 a19920000 aAdministraçãoaComportamento organizacionalaAprendizagem organizacionalaQualidadeaQualidade organizacionalaQualidade totalaControle de qualidadeaFIPEN cBK 00104070a71.1b71.1d2024-03-27l0o658.4013 G392qpO000443r2024-03-27 22:30:17w2024-03-27yBK c130922d130922